| 000 | 00726nam a2200229Ia 4500 | ||
|---|---|---|---|
| 003 | OSt | ||
| 005 | 20220923225545.0 | ||
| 006 | a|||||r|||| 00| 0 | ||
| 007 | ta | ||
| 008 | Pun | ||
| 024 | _a271,105 | ||
| 037 | _cTextual | ||
| 040 |
_aARTS _cARTS _bPun |
||
| 041 |
_2Pun _aPun |
||
| 082 | _aO153,3N19,RP, K7;N3 | ||
| 100 | _aਅੰਮ੍ਰਿਤਾ ਪ੍ਰੀਤਮ | ||
| 245 | 0 | _aਰੰਗ ਦਾ ਪੱਤਾ ਤੇ ਸਾਗਰ ਸਿੱਪੀਆਂ | |
| 260 |
_aਦਿੱਲੀ _b ਨਵਯੁਕ ਪਬਲਿFਰਗ਼ _c1993 |
||
| 650 | _aਪੰਜਾਬੀ ਸਾਹਿਤ | ||
| 942 |
_hO153,3N19,RP, K7;N3 _cTEXL _2CC |
||
| 999 |
_c379089 _d379089 |
||